| 000 | 00715nam a22002177a 4500 | ||
|---|---|---|---|
| 003 | OSt | ||
| 005 | 20230726104341.0 | ||
| 008 | 221006b |||||||| |||| 00| 0 eng d | ||
| 040 | _cBiblioteca Lado V | ||
| 082 |
_a708 _bP844l |
||
| 100 |
_9917 _aPorter, Liliana _eautora |
||
| 245 |
_aLiliana Porter/ _bSolo de Tambor/ |
||
| 260 |
_bGalería Espacio Mínimo _c2001 _aEsapaña |
||
| 300 |
_c16x16cm _a11p. |
||
| 366 | _espa | ||
| 650 |
_2Tesauro de Arte & Arquitectura _aARTE _9703 |
||
| 650 |
_2Tesauro de Arte & Arquitectura _aEXPOSICION _9702 |
||
| 650 |
_2Tesauro de Arte & Arquitectura _aCATALOGO |
||
| 651 |
_2Tesauro de Arte & Arquitectura _aARGENTINA |
||
| 942 |
_2ddc _c1 _h708 _iP844l _n0 |
||
| 999 |
_c4095 _d4095 |
||